| 000 | 00487nam a22001577a 4500 | ||
|---|---|---|---|
| 999 |
_c9173 _d9173 |
||
| 008 | 210326b ||||| |||| 00| 0 eng d | ||
| 040 | _aBMS College of Architecture | ||
| 100 | _aDas, K, Natasha | ||
| 245 | _aThe Iskcon Temple : an epicenter of belife | ||
| 300 | _a76p. | ||
| 500 | _a1BM04AT017 | ||
| 502 |
_8B.Arch _NBMS College of Architecture, Visvesvaraya Technological University _aProject report _d2009 |
||
| 650 | _aTemple | ||
| 700 |
_aMamatha P Raj _eGuide |
||
| 942 |
_2ddc _cTHE |
||